000
00282nam a2200121Ia 4500
100
_a
Lincoln Electric
942
_c
BK
654
_a
Arc Welding
245
_a
Procedure handbook of Arc Welding
260
_b
Lincoln Electric & co
_a
Ohio
_c
1973
082
_a
671.5
546
_a
ENGLISH
999
_c
33849
_d
33849